Statistiken für Klasse 7 - Wiederholung Optik

Klicken Sie hier um das Quiz zu spielen!

Allgemein

  • Dieses Quiz wurde 6 mal gespielt
  • Das Durchschnittsergebnis liegt bei 4 aus 31

Antwortstatistiken

Antwort% Korrekt
Licht
83%
Brechung
67%
Reflexion
67%
Blende
33%
Lot
33%
Optik
33%
Spiegel
33%
Lichtgeschwindigkeit
17%
Absorption
0%
ausfallender Lichtstrahl
0%
Ausfallswinkel
0%
einfallender Lichtstrahl
0%
Einfallswinkel
0%
geradlinig
0%
Halbschatten
0%
Hologramm
0%
kegelförmig
0%
Kernschatten
0%
künstliche Lichtquelle
0%
Lichstrahl
0%
Mondfinsternis
0%
Mondphasen
0%
natürliche Lichtquelle
0%
Optische Achse
0%
Punktquelle
0%
Randstrahlen
0%
Reflexionsgesetz
0%
Schatten
0%
Schirm
0%
Sonnenfinsternis
0%
Spiegelebene
0%

Verteilung der Resultate

Perzentil nach korrekt beantworteten Fragen

Anzahl Personen mit jedem Resultat

Ihre Resultats-Entwicklung

Sie haben dieses Quiz noch nicht gespielt